Finančné funkcie v Exceli a ich praktické využitie bakalárska práca

Enregistré dans:
Détails bibliographiques
Auteur principal: Čavrnochová, Katarína
Collectivité auteur: Fakulta hospodárskej informatiky EU. Katedra matematiky
Autres auteurs: Fecenko, Jozef
Format: Livre
Langue:slovaque
Publié: Bratislava 2011
Tags: Ajouter un tag
Pas de tags, Soyez le premier à ajouter un tag!

MARC

LEADER 00000nbm a2200000 4500
001 0156113
005 20161109111938.8
041 0 |a slo 
044 |a SK 
245 1 0 |a Finančné funkcie v Exceli a ich praktické využitie  |b bakalárska práca  |c Katarína Čavrnochová ; školiteľ: Jozef Fecenko 
264 1 |a Bratislava  |c 2011 
300 |a 42 s. 
100 1 |a Čavrnochová, Katarína 
700 1 |a Fecenko, Jozef 
710 2 |a Fakulta hospodárskej informatiky EU. Katedra matematiky